EXPERMENTAL BIOTECHNOLOGY (Record no. 7483)

MARC details
000 -LEADER
fixed length control field 00450nam a22001697a 4500
005 - DATE AND TIME OF LATEST TRANSACTION
control field 20210825103421.0
008 - FIXED-LENGTH DATA ELEMENTS--GENERAL INFORMATION
fixed length control field 210227b ||||| |||| 00| 0 eng d
020 ## - INTERNATIONAL STANDARD BOOK NUMBER
ISBN 9789384875381
041 ## - LANGUAGE CODE
Language code of text/sound track or separate title eng
082 ## - DEWEY DECIMAL CLASSIFICATION NUMBER
Classification number 620.8 SIN-E
100 ## - MAIN ENTRY--AUTHOR NAME
Personal name SINGH KUMAR AJAY MISHRA NEERJA AND GARG ASHISH
245 ## - TITLE STATEMENT
Title EXPERMENTAL BIOTECHNOLOGY
260 ## - PUBLICATION, DISTRIBUTION, ETC. (IMPRINT)
Place of publication MODI NAGAR
Name of publisher UNNATI PUBLICATION
Year of publication 2020
300 ## - PHYSICAL DESCRIPTION
Number of Pages 128 P.
650 ## - SUBJECT ADDED ENTRY--TOPICAL TERM
Topical Term PHARMACY
942 ## - ADDED ENTRY ELEMENTS (KOHA)
Koha item type Books
Holdings
Lost status Damaged status Collection code Home library Current library Shelving location Date acquired Source of acquisition Cost, normal purchase price Full call number Accession Number Koha item type
    Reference JRU Library JRU Library SHELF-5-D 27/02/2021 PURCHES-1910/17-02-2021 210.00 620.8 SIN-E 25640 Books
    PHARMACY JRU Library JRU Library Shelf - 27- J 27/02/2021 PURCHES-1910/17-02-2021 210.00 620.8 SIN-E 25641 Books
    PHARMACY JRU Library JRU Library Shelf - 27- J 27/02/2021 PURCHES-1910/17-02-2021 210.00 620.8 SIN-E 25642 Books
    PHARMACY JRU Library JRU Library Shelf - 27- J 27/02/2021 PURCHES-1910/17-02-2021 210.00 620.8 SIN-E 25643 Books
    PHARMACY JRU Library JRU Library Shelf - 27- J 27/02/2021 PURCHES-1910/17-02-2021 210.00 620.8 SIN-E 25644 Books
    PHARMACY JRU Library JRU Library Shelf - 27- J 27/02/2021 PURCHES-1910/17-02-2021 210.00 620.8 SIN-E 25645 Books
    PHARMACY JRU Library JRU Library Shelf - 27- J 27/02/2021 PURCHES-1910/17-02-2021 210.00 620.8 SIN-E 25646 Books
    PHARMACY JRU Library JRU Library Shelf - 27- J 27/02/2021 PURCHES-1910/17-02-2021 210.00 620.8 SIN-E 25647 Books
    PHARMACY JRU Library JRU Library Shelf - 27- J 27/02/2021 PURCHES-1910/17-02-2021 210.00 620.8 SIN-E 25648 Books
    PHARMACY JRU Library JRU Library Shelf - 27- J 27/02/2021 PURCHES-1910/17-02-2021 210.00 620.8 SIN-E 25649 Books